00518nam a2200181Ia 4500003000400000005001700004008004100021020002200062040000700084041000800091082002200099100002600121245008000147260003600227300001700263365001800280650003800298OSt20230426143616.0210423s1998 xx 000 0 und d a978-1-4613-7449-7 cAL aeng a620.11 223bWANF aWANG (Z L);KANG (Z C) aFunctional and smart materials: structural evolution and structure analysis aNew YorkbSpringer Verlagc1998 axvii,514bPB b11507.18cEUR aEngineering Mechanics & Materials